| 000 | 00322nam a2200133 a 4500 | ||
|---|---|---|---|
| 001 | 5368 | ||
| 003 | CDMR | ||
| 005 | 20130116135307.0 | ||
| 008 | 130130s1984||||||||||||||||||||||||||||d | ||
| 040 |
_aCDMR _bcat _cCDMR |
||
| 245 | 0 | _aOrdenança sobre publicitat | |
| 260 |
_aBarcelona _c1984 _bAjuntament de Barcelona |
||
| 942 | _cMON | ||
| 999 |
_c5368 _d5368 |
||